000 00745nam a2200241Ia 4500
003 OSt
005 20220923213149.0
006 a|||||r|||| 00| 0
007 ta
008 220922b |||||||| |||| 00| 0 hin d
024 _a159,407
037 _cTextual
040 _aARTS
_cARTS
_bhin
041 _2hin
_ahin
082 _aO152,3vN1, L3
100 _aशैलबाला
_9156280
245 0 _aहिन्दी उपन्यास का प्रारम्भिक विकास
246 _aHindī upanyās kā prārambhik vikāsa
260 _c1973
650 _aहिन्दी साहित्य
_9156264
942 _hO152,3vN1, L3
_cTEXL
_2CC
999 _c314154
_d314154